=LDR 00000nam 2200000 4500 =247 ##$$a =856 ##$$a =700 #$$a =650 #$$a Keuangan Daerah =520 #$$a =321 ##$$a =310 ##$$a =300 ##$$a xx, 358 halaman $b ilus $c 24 cm $e =260 ##$$a Yogyakarta $b UPP AMP YKPN $c 2001 =001 $a INLIS000000000020950 =245 ##$$a Bunga Rampai Manajemen Keuangan Daerah $b $c =100 #$$a =084 ##$$a 352 BUN =082 ##$$a 352 =035 ##$$a 0010-0626000044 =020 ##$$a 979 8170 72 5 =008 $a 260630################g##########0#ind## =005 $a 20260630110304